Statistics for All Republican Nominees for President

Click here to take the quiz!

General Stats

  • This quiz has been taken 18 times
    (11 since last reset)
  • The average score is 41 of 42

Answer Stats

QuestionAnswer% Correct
1864Abraham Lincoln
100%
1860Abraham Lincoln
100%
1936Alf Landon
100%
1964Barry Goldwater
100%
1996Bob Dole
100%
1924Calvin Coolidge
100%
2020Donald Trump
100%
2016Donald Trump
100%
1992George H.W. Bush
100%
1988George H.W. Bush
100%
2004George W. Bush
100%
2000George W. Bush
100%
1976Gerald Ford
100%
1928Herbert Hoover
100%
1932Herbert Hoover
100%
2008John McCain
100%
2012Mitt Romney
100%
1968Richard M. Nixon
100%
1960Richard M. Nixon
100%
1972Richard M. Nixon
100%
1984Ronald Reagan
100%
1980Ronald Reagan
100%
1876Rutherford B. Hayes
100%
1944Thomas Dewey
100%
1948Thomas Dewey
100%
1868Ulysses S. Grant
100%
1872Ulysses S. Grant
100%
1920Warren G. Harding
100%
1940Wendell Willkie
100%
1912William Howard Taft
100%
1908William Howard Taft
100%
1900William McKinley
100%
1896William McKinley
100%
1916Charles Evans Hughes
89%
1956Dwight D. Eisenhower
89%
1952Dwight D. Eisenhower
89%
1880James A. Garfield
89%
1904Theodore Roosevelt
89%
1892Benjamin Harrison
78%
1888Benjamin Harrison
78%
1884James Blaine
78%
1856John C. Fremont
78%

Score Distribution

Percentile by Number Answered

Percent of People with Each Score

Your Score History

You have not taken this quiz since the last reset